[Event "21. Open Internacional de Sants"]
[Site "Barcelona ESP"]
[Date "2009.08.21"]
[Round "1.2"]
[White "Sanchez Ibern, Eric"]
[Black "Fier, Alexandr"]
[Result "0-1"]
[WhiteElo "2107"]
[BlackElo "2604"]
[PlyCount "72"]
[EventDate "2009.08.21"]
[EventType "swiss"]
[EventRounds "10"]
[EventCountry "ESP"]
[Source "lmi"]
[SourceDate "2009.08.21"]

1. e4 c5 2. Nf3 e6 3. d4 cxd4 4. Nxd4 Nf6 5. Nc3 d6 6. g3 Nc6 7. Bg2 Bd7 8. O-O
a6 9. a4 Be7 10. h3 O-O 11. Kh2 Nb4 12. Be3 e5 13. Nde2 Rc8 14. f4 Bc6 15. g4
exf4 16. Nxf4 Nd7 17. Nd3 a5 18. Ne2 Nc5 19. Nxc5 dxc5 20. c3 Nd3 21. Qc2 Ne5
22. Rad1 Qe8 23. Bf4 Ng6 24. Bg3 Bxa4 25. b3 Bc6 26. c4 a4 27. Nc3 axb3 28.
Qxb3 Bd8 29. Ra1 Bc7 30. Bxc7 Rxc7 31. Nd5 Rd7 32. Qb6 Nh4 33. Rae1 Qe5+ 34.
Kh1 Qg3 35. Re2 Nxg2 36. Rxg2 Qd3 0-1

[Event "21. Open Internacional de Sants"]
[Site "Barcelona ESP"]
[Date "2009.08.21"]
[Round "1.3"]
[White "Solodovnichenko, Yuri"]
[Black "Subirats Ruiz, Sergi"]
[Result "1-0"]
[WhiteElo "2596"]
[BlackElo "2105"]
[PlyCount "93"]
[EventDate "2009.08.21"]
[EventType "swiss"]
[EventRounds "10"]
[EventCountry "ESP"]
[Source "lmi"]
[SourceDate "2009.08.21"]

1. e4 e5 2. Nf3 Nc6 3. Bb5 a6 4. Ba4 Nf6 5. O-O b5 6. Bb3 Bc5 7. a4 Rb8 8. c3
d6 9. d4 Bb6 10. a5 Ba7 11. h3 h6 12. Be3 O-O 13. Re1 exd4 14. cxd4 Re8 15. Nc3
Nb4 16. e5 dxe5 17. Nxe5 Re7 18. Na2 Nfd5 19. Nxb4 Nxb4 20. Qh5 Be6 21. d5 Bxe3
22. dxe6 Bxf2+ 23. Kxf2 Qd4+ 24. Kg3 f6 25. Ng6 Qd3+ 26. Kh2 Ree8 27. Nf4 Qxb3
28. Qf7+ Kh8 29. Rad1 Qc4 30. Ng6+ Kh7 31. Rd7 Rg8 32. Ne7 Qf4+ 33. Kh1 Qg3 34.
Red1 Rgf8 35. Qh5 Qg5 36. Qf3 f5 37. Rxc7 Rbe8 38. Rdd7 Rf6 39. Nxf5 Kh8 40.
Rxg7 Rxf5 41. Rh7+ Kg8 42. Rcg7+ Kf8 43. Rf7+ Kg8 44. Rxf5 Qc1+ 45. Kh2 Kxh7
46. Rf7+ Kg8 47. Qf5 1-0

[Event "21. Open Internacional de Sants"]
[Site "Barcelona ESP"]
[Date "2009.08.21"]
[Round "1.4"]
[White "Marza Vendrell, Conrado"]
[Black "Grigoriants, Sergey"]
[Result "0-1"]
[WhiteElo "2103"]
[BlackElo "2564"]
[PlyCount "56"]
[EventDate "2009.08.21"]
[EventType "swiss"]
[EventRounds "10"]
[EventCountry "ESP"]
[Source "lmi"]
[SourceDate "2009.08.21"]

1. d4 Nf6 2. Nf3 e6 3. Bf4 b6 4. e3 Bb7 5. Bd3 Be7 6. O-O Nh5 7. Bg3 Nxg3 8.
hxg3 c5 9. c3 O-O 10. Nbd2 d6 11. Qe2 Nd7 12. Rfd1 a6 13. a4 Qc7 14. Rac1 Rfe8
15. Bc2 Bf8 16. e4 g6 17. Qe3 Bg7 18. Re1 b5 19. axb5 axb5 20. dxc5 Nxc5 21.
Nd4 Qb6 22. Ra1 Na4 23. Rab1 Rec8 24. N2f3 b4 25. Bxa4 Rxa4 26. Qd2 Ra2 27.
cxb4 Rc4 28. Rbd1 Rxb4 0-1

[Event "21. Open Internacional de Sants"]
[Site "Barcelona ESP"]
[Date "2009.08.21"]
[Round "1.5"]
[White "Milov, Leonid"]
[Black "Galvez Extremera, Francisco"]
[Result "1-0"]
[WhiteElo "2562"]
[BlackElo "2102"]
[PlyCount "41"]
[EventDate "2009.08.21"]
[EventType "swiss"]
[EventRounds "10"]
[EventCountry "ESP"]
[Source "lmi"]
[SourceDate "2009.08.21"]

1. e4 c6 2. d4 d5 3. Nd2 dxe4 4. Nxe4 Nf6 5. Nxf6+ gxf6 6. c3 Bf5 7. Nf3 e6 8.
g3 Bd6 9. Bg2 Nd7 10. Nh4 Bg6 11. O-O Qc7 12. Qe2 O-O-O 13. b4 f5 14. a4 f4 15.
b5 c5 16. a5 c4 17. Nxg6 hxg6 18. Ra4 Kb8 19. b6 Nxb6 20. axb6 Qxb6 21. Bxf4
1-0

[Event "21. Open Internacional de Sants"]
[Site "Barcelona ESP"]
[Date "2009.08.21"]
[Round "1.6"]
[White "Molano Lafuente, Ismael"]
[Black "Ikonnikov, Vyacheslav"]
[Result "0-1"]
[WhiteElo "2101"]
[BlackElo "2556"]
[PlyCount "82"]
[EventDate "2009.08.21"]
[EventType "swiss"]
[EventRounds "10"]
[EventCountry "ESP"]
[Source "lmi"]
[SourceDate "2009.08.21"]

1. e4 c5 2. Nf3 Nc6 3. d4 cxd4 4. Nxd4 e5 5. Nb5 d6 6. N1c3 a6 7. Na3 Be7 8.
Nc4 b5 9. Ne3 Nf6 10. Ned5 O-O 11. Nxf6+ Bxf6 12. Nd5 Be6 13. c3 Bg5 14. Be2
Bxc1 15. Rxc1 Ne7 16. Nxe7+ Qxe7 17. O-O Rfd8 18. c4 Qb7 19. Qc2 Rac8 20. b3
Rc5 21. Qd2 bxc4 22. Bxc4 Bxc4 23. Rxc4 Rxc4 24. bxc4 Qxe4 25. c5 Qc6 26. Qa5
Rc8 27. cxd6 Qxd6 28. Re1 g6 29. g3 Rc5 30. Qa4 Kg7 31. Rd1 Qe6 32. Re1 Rc4 33.
Qb3 Qd5 34. Rd1 Qc5 35. Rd2 h5 36. Re2 Rc1+ 37. Kg2 Qc6+ 38. Kh3 Rg1 39. f3
Qd7+ 40. Kh4 f6 41. Re4 Qd2 0-1

[Event "21. Open Internacional de Sants"]
[Site "Barcelona ESP"]
[Date "2009.08.21"]
[Round "1.7"]
[White "Narciso Dublan, Marc"]
[Black "Gutierrez Anso, Jose"]
[Result "1-0"]
[WhiteElo "2553"]
[BlackElo "2100"]
[PlyCount "81"]
[EventDate "2009.08.21"]
[EventType "swiss"]
[EventRounds "10"]
[EventCountry "ESP"]
[Source "lmi"]
[SourceDate "2009.08.21"]

1. c4 c5 2. g3 g6 3. Bg2 Bg7 4. Nc3 Nc6 5. Nf3 Nf6 6. d4 cxd4 7. Nxd4 O-O 8.
O-O Ng4 9. e3 d6 10. Nde2 Nge5 11. b3 Bg4 12. f3 Be6 13. Bd2 Rc8 14. Nf4 Bxc4
15. bxc4 Nxc4 16. Bh3 Nxd2 17. Qxd2 Qa5 18. Ne4 Bxa1 19. Bxc8 Qxd2 20. Nxd2
Rxc8 21. Rxa1 Ne5 22. Kf1 g5 23. Ne2 Rc2 24. Ke1 Rb2 25. Nd4 g4 26. a3 gxf3 27.
N4xf3 Nd3+ 28. Kd1 Nc5 29. Nd4 Kf8 30. Nc2 Nd3 31. Nb4 Nc5 32. Kc1 Na4 33. Ra2
Rxa2 34. Nxa2 a5 35. Kc2 b6 36. Kb3 Nc5+ 37. Kc4 a4 38. Nc3 e5 39. Kb5 Nb3 40.
Nxb3 axb3 41. Kxb6 1-0

[Event "21. Open Internacional de Sants"]
[Site "Barcelona ESP"]
[Date "2009.08.21"]
[Round "1.9"]
[White "Lemos, Damian"]
[Black "Dominguez Marquez, Cecilio"]
[Result "0-1"]
[WhiteElo "2547"]
[BlackElo "2099"]
[PlyCount "152"]
[EventDate "2009.08.21"]
[EventType "swiss"]
[EventRounds "10"]
[EventCountry "ESP"]
[Source "lmi"]
[SourceDate "2009.08.21"]

1. d4 Nf6 2. c4 g6 3. Nc3 Bg7 4. Nf3 d6 5. g3 O-O 6. Bg2 Nc6 7. O-O e5 8. d5
Ne7 9. e4 Ne8 10. Ne1 f5 11. Nd3 Nf6 12. exf5 gxf5 13. f4 e4 14. Nf2 c6 15. Be3
cxd5 16. cxd5 Qa5 17. Qb3 Nfxd5 18. Bd2 Bxc3 19. Bxc3 Qb6 20. Qxb6 Nxb6 21. Bb4
Rd8 22. Rfd1 Ned5 23. Ba5 Be6 24. Bh3 Kf7 25. Rd4 Nf6 26. Nd1 d5 27. Ne3 Kg6
28. Rad1 h5 29. b3 Rd7 30. Bxb6 axb6 31. Rb4 Rxa2 32. Rxb6 Re2 33. Rxe6 Rxe3
34. Re5 Ng4 35. Rexd5 Re1+ 36. Rxe1 Rxd5 37. Bf1 Rd2 38. Be2 Rb2 39. h3 Nf6 40.
Bc4 Rd2 41. Be6 Rd3 42. Kf2 Nd5 43. Bxd5 Rxd5 44. Re3 Rc5 45. Ke2 Rc2+ 46. Kf1
Rb2 47. Rc3 Kf6 48. Rc7 Rxb3 49. Kf2 Rb2+ 50. Kf1 Ke6 51. Rc5 b5 52. Re5+ Kf6
53. Rc5 b4 54. Rb5 b3 55. Ke1 Ke6 56. Kd1 Kd6 57. Kc1 Rc2+ 58. Kb1 e3 59. Rxb3
e2 60. Rd3+ Kc5 61. Kxc2 e1=Q 62. Kb2 Kc4 63. Rb3 Qd2+ 64. Ka3 Qc2 65. Rb4+ Kc3
66. Rb5 Kc4 67. Rb4+ Kd5 68. h4 Kc5 69. Rb8 Qc1+ 70. Ka2 Kd4 71. Rh8 Qd2+ 72.
Kb3 Qe3+ 73. Kb4 Qxg3 74. Rxh5 Qxf4 75. Rh7 Qb8+ 76. Ka5 Kc5 0-1

[Event "21. Open Internacional de Sants"]
[Site "Barcelona ESP"]
[Date "2009.08.21"]
[Round "1.13"]
[White "Vila Gazquez, Xavier"]
[Black "Galvan Ruiz, Mario"]
[Result "1-0"]
[WhiteElo "2457"]
[BlackElo "2064"]
[PlyCount "51"]
[EventDate "2009.08.21"]
[EventType "swiss"]
[EventRounds "10"]
[EventCountry "ESP"]
[Source "lmi"]
[SourceDate "2009.08.21"]

1. d4 e6 2. Nf3 Nf6 3. e3 c5 4. Bd3 Be7 5. O-O O-O 6. b3 b6 7. Bb2 Bb7 8. Nbd2
d6 9. Qe2 Nbd7 10. Rac1 Qc7 11. c4 Rac8 12. e4 cxd4 13. Nxd4 a6 14. f4 Rfd8 15.
Bb1 Qc5 16. Kh1 Bf8 17. a3 Re8 18. b4 Qc7 19. N4f3 e5 20. f5 Qb8 21. Ne1 Bc6
22. g4 Red8 23. g5 Ne8 24. Rc3 f6 25. Ba2 Kh8 26. Rh3 1-0

[Event "21. Open Internacional de Sants"]
[Site "Barcelona ESP"]
[Date "2009.08.21"]
[Round "1.14"]
[White "Arranz Martin, Pablo"]
[Black "Alonso Rosell, Alvar"]
[Result "0-1"]
[WhiteElo "2070"]
[BlackElo "2461"]
[PlyCount "150"]
[EventDate "2009.08.21"]
[EventType "swiss"]
[EventRounds "10"]
[EventCountry "ESP"]
[Source "lmi"]
[SourceDate "2009.08.21"]

1. d4 Nf6 2. e3 g6 3. Bd3 Bg7 4. f4 O-O 5. Nf3 d6 6. O-O c5 7. c3 Nc6 8. Nbd2
e5 9. fxe5 dxe5 10. Bb5 exd4 11. exd4 cxd4 12. c4 Ng4 13. Nb3 d3 14. Bxc6 bxc6
15. h3 Nf6 16. Bg5 h6 17. Bxf6 Qxf6 18. Qxd3 Qxb2 19. Rf2 Bf5 20. Qd6 Qc3 21.
Rc1 Qe3 22. Re1 Qd3 23. Qxc6 Rfc8 24. Qd5 Qxc4 25. Re8+ Rxe8 26. Qxc4 a5 27.
Nbd4 Rac8 28. Qb3 Rb8 29. Qa3 Be4 30. Qxa5 Rbd8 31. Qa4 f5 32. Nc6 Rc8 33. Nfd4
Kh7 34. Qb5 Rc7 35. Rd2 h5 36. a4 Bh6 37. Rb2 Be3+ 38. Kh2 h4 39. Qa5 Bf4+ 40.
Kh1 Bg3 41. Qxc7+ Bxc7 42. Rb7 Rc8 43. Ne6 Bxc6 44. Rxc7+ Rxc7 45. Nxc7 Bxa4
46. Ne6 Bb3 47. Nd4 Bd5 48. Kh2 Kh6 49. Kg1 Kh5 50. Kf2 Kg5 51. Ne2 Be4 52. Nc3
Bc2 53. Ne2 Bd1 54. Nc3 Bb3 55. Ne2 Kf6 56. Nd4 Bd1 57. Nc6 Ke6 58. Nd8+ Ke7
59. Nc6+ Kd6 60. Nd4 Kd5 61. Nb5 Bb3 62. Nc3+ Ke5 63. Ke3 Bc4 64. Na4 Bd5 65.
Kf2 Kd4 66. Nb6 Be6 67. Na4 g5 68. g3 hxg3+ 69. Kxg3 Ke3 70. Nc3 f4+ 71. Kg2
Bb3 72. h4 f3+ 73. Kg3 gxh4+ 74. Kxh4 f2 75. Nd1+ Bxd1 0-1

[Event "21. Open Internacional de Sants"]
[Site "Barcelona ESP"]
[Date "2009.08.21"]
[Round "1.16"]
[White "Gallego Bergada, Antoni"]
[Black "Lauber, Arnd"]
[Result "0-1"]
[WhiteElo "2083"]
[BlackElo "2517"]
[PlyCount "62"]
[EventDate "2009.08.21"]
[EventType "swiss"]
[EventRounds "10"]
[EventCountry "ESP"]
[Source "lmi"]
[SourceDate "2009.08.21"]

1. e4 c6 2. Nf3 d5 3. Nc3 Bg4 4. exd5 cxd5 5. h3 Bxf3 6. Qxf3 e6 7. Bb5+ Nc6 8.
O-O Bd6 9. Re1 Nge7 10. Bxc6+ bxc6 11. b3 O-O 12. Bb2 e5 13. d3 f5 14. Nd1 Ng6
15. Ne3 Qg5 16. Nxd5 e4 17. Qe3 f4 18. Qxe4 Qxd5 19. Qxd5+ cxd5 20. Re6 Rfd8
21. c4 Kf7 22. Re2 f3 23. Re3 fxg2 24. Kxg2 Nf4+ 25. Kf1 dxc4 26. bxc4 Bc5 27.
Rf3 g5 28. Rd1 Kg6 29. d4 Rab8 30. Bc3 Bxd4 31. Ba5 Bb6 0-1

[Event "21. Open Internacional de Sants"]
[Site "Barcelona ESP"]
[Date "2009.08.21"]
[Round "1.19"]
[White "Reinaldo Castineira, Roi"]
[Black "Vidal Zamora, Alex"]
[Result "1-0"]
[WhiteElo "2503"]
[BlackElo "2078"]
[PlyCount "107"]
[EventDate "2009.08.21"]
[EventType "swiss"]
[EventRounds "10"]
[EventCountry "ESP"]
[Source "lmi"]
[SourceDate "2009.08.21"]

1. Nf3 c5 2. g3 Nf6 3. Bg2 e6 4. O-O Nc6 5. c4 d5 6. cxd5 Nxd5 7. d4 Nf6 8. Qa4
Bd7 9. dxc5 Bxc5 10. Nc3 O-O 11. Bg5 h6 12. Bxf6 Qxf6 13. Ne4 Qe7 14. Nxc5 Qxc5
15. Rac1 Qb6 16. Qa3 Rfd8 17. Rc5 Be8 18. Rfc1 Rd6 19. h3 Rad8 20. Kh2 Rd5 21.
e3 Rxc5 22. Rxc5 Nb4 23. Rc4 a5 24. Nd4 Bb5 25. Rxb4 axb4 26. Qxb4 Rxd4 27.
Qxd4 Qa6 28. a3 Bc6 29. Bxc6 Qxc6 30. Qd8+ Kh7 31. Qd3+ Kg8 32. Qd8+ Kh7 33.
Qd3+ Kg8 34. e4 b5 35. Qd4 Qc2 36. Kg2 g6 37. Qe5 Qd3 38. Qb8+ Kg7 39. Qe5+ Kg8
40. Qf4 Kg7 41. Qe3 Qd7 42. b3 h5 43. h4 Qd6 44. Qc3+ Kg8 45. a4 bxa4 46. bxa4
Qa6 47. a5 Kf8 48. Qc5+ Ke8 49. Qc7 Qa8 50. Kh2 Qxe4 51. a6 Qd4 52. Qc8+ Ke7
53. Qb7+ Ke8 54. Kg2 1-0

[Event "21. Open Internacional de Sants"]
[Site "Barcelona ESP"]
[Date "2009.08.22"]
[Round "2.4"]
[White "Grigoriants, Sergey"]
[Black "Obon Temprano, Sergi"]
[Result "1-0"]
[WhiteElo "2564"]
[BlackElo "2229"]
[PlyCount "67"]
[EventDate "2009.08.21"]
[EventType "swiss"]
[EventRounds "10"]
[EventCountry "ESP"]
[Source "lmi"]
[SourceDate "2009.08.21"]

1. e4 e6 2. d4 d5 3. Nc3 dxe4 4. Nxe4 Bd7 5. Nf3 Bc6 6. Bd3 Nd7 7. O-O Ngf6 8.
Ng3 Be7 9. Re1 Bxf3 10. Qxf3 c6 11. Be3 O-O 12. c4 Re8 13. Rad1 Qa5 14. a3 Nf8
15. Bd2 Qc7 16. Be3 Qa5 17. Bd2 Qc7 18. Bc3 Rad8 19. Nf1 Ng6 20. g3 Rd7 21. h4
Nf8 22. g4 Red8 23. g5 Ne8 24. Ne3 Ng6 25. Ng2 c5 26. d5 exd5 27. cxd5 Bd6 28.
h5 Nf8 29. h6 Ng6 30. hxg7 Be7 31. Bxg6 hxg6 32. Qh3 Nxg7 33. Qh6 Bf8 34. Rd3
1-0

[Event "21. Open Internacional de Sants"]
[Site "Barcelona ESP"]
[Date "2009.08.22"]
[Round "2.5"]
[White "Colls Gelaberto, Emili"]
[Black "Milov, Leonid"]
[Result "1/2-1/2"]
[WhiteElo "2215"]
[BlackElo "2562"]
[PlyCount "41"]
[EventDate "2009.08.21"]
[EventType "swiss"]
[EventRounds "10"]
[EventCountry "ESP"]
[Source "lmi"]
[SourceDate "2009.08.21"]

1. d4 Nf6 2. c4 c5 3. Nf3 e6 4. Nc3 cxd4 5. Nxd4 a6 6. e4 Qc7 7. a3 b6 8. Be2
Bb7 9. f3 Nc6 10. Be3 h5 11. Rc1 Nxd4 12. Qxd4 Bc5 13. Qd2 Bd6 14. Qd4 Bxh2 15.
Qxb6 Bg3+ 16. Kf1 Qb8 17. b4 h4 18. Bd1 Nh5 19. Ne2 Bc7 20. Qd4 Be5 21. Qd2
1/2-1/2

[Event "21. Open Internacional de Sants"]
[Site "Barcelona ESP"]
[Date "2009.08.22"]
[Round "2.7"]
[White "Dominguez Pons, Eric"]
[Black "Narciso Dublan, Marc"]
[Result "1/2-1/2"]
[WhiteElo "2211"]
[BlackElo "2553"]
[PlyCount "68"]
[EventDate "2009.08.21"]
[EventType "swiss"]
[EventRounds "10"]
[EventCountry "ESP"]
[Source "lmi"]
[SourceDate "2009.08.21"]

1. e4 Nf6 2. e5 Nd5 3. d4 d6 4. exd6 exd6 5. Nf3 Be7 6. Be2 O-O 7. O-O Nd7 8.
c4 N5f6 9. Nc3 d5 10. b3 Re8 11. Bf4 dxc4 12. bxc4 Nf8 13. h3 Ng6 14. Bh2 Bd6
15. Qd2 Bxh2+ 16. Nxh2 Bf5 17. Rad1 Ne4 18. Nxe4 Bxe4 19. Bf3 Qf6 20. Rfe1 Bxf3
21. Nxf3 Qc6 22. Qc2 h6 23. Re3 Rxe3 24. fxe3 Re8 25. Qd3 Qe6 26. Kf2 Qf6 27.
Kg1 Nh4 28. Rf1 Nxf3+ 29. Rxf3 Qg5 30. Kf2 Qh4+ 31. Kf1 Re6 32. Qf5 Qe7 33. d5
Rf6 34. Qc8+ Kh7 1/2-1/2

[Event "21. Open Internacional de Sants"]
[Site "Barcelona ESP"]
[Date "2009.08.22"]
[Round "2.8"]
[White "Capellades Subirana, Marc"]
[Black "Kunin, Vitaly"]
[Result "0-1"]
[WhiteElo "2210"]
[BlackElo "2532"]
[PlyCount "72"]
[EventDate "2009.08.21"]
[EventType "swiss"]
[EventRounds "10"]
[EventCountry "ESP"]
[Source "lmi"]
[SourceDate "2009.08.21"]

1. e4 d6 2. d4 Nf6 3. Bd3 e5 4. c3 d5 5. dxe5 dxe4 6. Bb5+ c6 7. Qxd8+ Kxd8 8.
exf6 cxb5 9. Bg5 Kc7 10. Nd2 gxf6 11. Bxf6 Rg8 12. Nxe4 Nc6 13. Ne2 Rxg2 14.
N4g3 Bh6 15. h4 Bg4 16. Bg5 Bg7 17. Nf4 Re8+ 18. Kf1 Rxg3 19. fxg3 Bf3 20. Ng2
Re2 21. Rg1 Rxb2 22. Bc1 Re2 23. Bf4+ Kb6 24. Ne3 Rh2 25. Rc1 Rxa2 26. Rc2 Rxc2
27. Nxc2 Bxc3 28. Be3+ Ka5 29. Ne1 Be4 30. Ke2 b4 31. Nd3 b3 32. Nc5 Bc2 33.
Nxb7+ Kb4 34. Nc5 Nd4+ 35. Bxd4 Bxd4 36. Na6+ Ka5 0-1

[Event "21. Open Internacional de Sants"]
[Site "Barcelona ESP"]
[Date "2009.08.22"]
[Round "2.9"]
[White "Alsina Leal, Daniel"]
[Black "Sbarra, Marco"]
[Result "1-0"]
[WhiteElo "2529"]
[BlackElo "2219"]
[PlyCount "85"]
[EventDate "2009.08.21"]
[EventType "swiss"]
[EventRounds "10"]
[EventCountry "ESP"]
[Source "lmi"]
[SourceDate "2009.08.21"]

1. e4 e5 2. Nf3 Nc6 3. Bb5 a6 4. Ba4 Nf6 5. O-O b5 6. Bb3 Bc5 7. a4 Bb7 8. c3
d6 9. d4 Bb6 10. Bg5 h6 11. Bxf6 Qxf6 12. Bd5 exd4 13. cxd4 O-O 14. Na3 Rfb8
15. Nc2 bxa4 16. Rxa4 a5 17. Re1 Ne7 18. Bxb7 Rxb7 19. Ne3 Rd8 20. Qc2 Rbb8 21.
h3 d5 22. e5 Qc6 23. Rc1 Qb5 24. Ne1 Ng6 25. Nf5 Nf4 26. Rd1 Re8 27. Ra3 c5 28.
Nd6 Qe2 29. Nxe8 Rxe8 30. dxc5 Bxc5 31. Rf3 Qxc2 32. Nxc2 g5 33. Ne1 d4 34. g3
Ng6 35. Nd3 Nxe5 36. Rf5 Nxd3 37. Rxd3 Re1+ 38. Kg2 Rc1 39. Rf6 Rc2 40. b3 Rc3
41. Rxc3 dxc3 42. Rc6 Bb4 43. Rxh6 1-0

[Event "21. Open Internacional de Sants"]
[Site "Barcelona ESP"]
[Date "2009.08.22"]
[Round "2.12"]
[White "Cuartas, Jaime Alexander"]
[Black "Sabia, Corrado"]
[Result "1-0"]
[WhiteElo "2521"]
[BlackElo "2208"]
[PlyCount "135"]
[EventDate "2009.08.21"]
[EventType "swiss"]
[EventRounds "10"]
[EventCountry "ESP"]
[Source "lmi"]
[SourceDate "2009.08.21"]

1. e4 c5 2. Nf3 e6 3. d4 cxd4 4. Nxd4 d6 5. g4 h6 6. h4 Nc6 7. Nb3 Nf6 8. Nc3
a6 9. Rg1 h5 10. g5 Ng4 11. Bf4 g6 12. Be2 Nge5 13. a4 b6 14. Be3 Qc7 15. f4
Nd7 16. Qd2 Bb7 17. O-O-O O-O-O 18. Bf3 Be7 19. Qf2 Kb8 20. Kb1 Rc8 21. Rd2
Rhd8 22. Rgd1 Ka8 23. Be2 Bf8 24. Qf1 Nb4 25. Rd4 d5 26. exd5 exd5 27. Bf3 a5
28. R4d2 Nc5 29. Nb5 Qb8 30. Bxc5 Bxc5 31. Nxc5 Rxc5 32. c3 Na6 33. Bg2 Nc7 34.
Nxc7+ Qxc7 35. Rd4 Qc8 36. f5 Ba6 37. Qf3 Bc4 38. fxg6 fxg6 39. Qf6 Bb3 40. Rc1
Rc6 41. Qf3 Ka7 42. Bh3 Rf8 43. Qe3 Re8 44. Qd3 Qc7 45. Bg2 Bc4 46. Qh3 Re5 47.
Bf1 Qe7 48. Bxc4 Rxc4 49. Rcd1 Rxd4 50. Rxd4 Rf5 51. Qd3 Qd7 52. Ka2 Qc6 53.
Qe2 Qd7 54. Qd1 b5 55. axb5 Qxb5 56. Qe1 Qd7 57. Qe3 Ka6 58. Qe2+ Ka7 59. Qd3
Qc6 60. Qc2 Qc5 61. Qe2 Qc6 62. Qe7+ Kb6 63. Qd8+ Ka6 64. Qb8 Rf3 65. Qb3 Rf5
66. Qa3 Kb6 67. c4 Ka6 68. cxd5 1-0

[Event "21. Open Internacional de Sants"]
[Site "Barcelona ESP"]
[Date "2009.08.22"]
[Round "2.14"]
[White "Gonzalez Garcia, Jose"]
[Black "Sadilek, Peter"]
[Result "1-0"]
[WhiteElo "2509"]
[BlackElo "2198"]
[PlyCount "75"]
[EventDate "2009.08.21"]
[EventType "swiss"]
[EventRounds "10"]
[EventCountry "ESP"]
[Source "lmi"]
[SourceDate "2009.08.21"]

1. d4 g6 2. e4 Bg7 3. Nf3 d6 4. c3 Nf6 5. Bd3 O-O 6. O-O Nc6 7. Re1 e5 8. h3 h6
9. Na3 Nh5 10. Nc2 Nf4 11. Bxf4 exf4 12. Qd2 g5 13. Qe2 Re8 14. Nh2 Bf5 15. Qf3
Bg6 16. h4 Qd7 17. h5 Bh7 18. g3 fxg3 19. fxg3 Re7 20. Ne3 Rae8 21. Nd5 Re6 22.
Ng4 Ne7 23. Ndf6+ Bxf6 24. Nxf6+ Rxf6 25. Qxf6 Qg4 26. Kf2 Qxh5 27. Rh1 Qg6 28.
Qxg6+ Bxg6 29. Rxh6 d5 30. Re1 Kg7 31. Rhh1 Ng8 32. Kf3 Nf6 33. e5 Ne4 34. Rh2
c5 35. Bxe4 Bxe4+ 36. Rxe4 dxe4+ 37. Kxe4 f6 38. Kf5 1-0

[Event "21. Open Internacional de Sants"]
[Site "Barcelona ESP"]
[Date "2009.08.22"]
[Round "2.16"]
[White "Barrenechea Bahamonde, Gustavo"]
[Black "Reinaldo Castineira, Roi"]
[Result "0-1"]
[WhiteElo "2199"]
[BlackElo "2503"]
[PlyCount "80"]
[EventDate "2009.08.21"]
[EventType "swiss"]
[EventRounds "10"]
[EventCountry "ESP"]
[Source "lmi"]
[SourceDate "2009.08.21"]

1. e4 c5 2. Nf3 d6 3. d4 cxd4 4. Nxd4 Nf6 5. Nc3 a6 6. Bc4 e6 7. Bb3 Nc6 8. Be3
Bd7 9. f4 Rc8 10. O-O Be7 11. f5 Nxd4 12. Bxd4 e5 13. Be3 Bc6 14. Qf3 O-O 15.
Rad1 b5 16. Rf2 Qa5 17. Nd5 Bxd5 18. exd5 Bd8 19. Bd2 Qc7 20. Qe2 Qa7 21. Kh1
a5 22. c3 a4 23. Bc2 a3 24. bxa3 Nxd5 25. Rf3 Qc5 26. f6 Nxf6 27. Bg5 e4 28.
Rxf6 Qxg5 29. Qxe4 g6 30. Rfxd6 Bc7 31. Rd7 Rce8 32. Qd5 Qh4 33. g3 Bxg3 34.
Qg2 Bxh2 35. Qxh2 Qxh2+ 36. Kxh2 Re2+ 37. Kg3 Rxc2 38. R7d3 Rc8 39. Rd8+ Rxd8
40. Rxd8+ Kg7 0-1

[Event "21. Open Internacional de Sants"]
[Site "Barcelona ESP"]
[Date "2009.08.22"]
[Round "2.17"]
[White "Karlsson, Lars"]
[Black "Tchetchelnitski, Boris"]
[Result "1-0"]
[WhiteElo "2468"]
[BlackElo "2185"]
[PlyCount "34"]
[EventDate "2009.08.21"]
[EventType "swiss"]
[EventRounds "10"]
[EventCountry "ESP"]
[Source "lmi"]
[SourceDate "2009.08.21"]

1. b3 e5 2. Bb2 Nc6 3. e3 Nf6 4. Bb5 d6 5. Nf3 Bd7 6. O-O Be7 7. d4 exd4 8.
Nxd4 Nxd4 9. Bxd7+ Qxd7 10. Qxd4 O-O 11. a4 Qg4 12. Qxg4 Nxg4 13. Nc3 c6 14.
Rad1 Rad8 15. Rd2 Nf6 16. Rfd1 Rd7 17. Ne2 Rfd8 1-0

[Event "21. Open Internacional de Sants"]
[Site "Barcelona ESP"]
[Date "2009.08.22"]
[Round "2.18"]
[White "Groffen, Hans"]
[Black "Bacallao Alonso, Yusnel"]
[Result "0-1"]
[WhiteElo "2189"]
[BlackElo "2467"]
[PlyCount "74"]
[EventDate "2009.08.21"]
[EventType "swiss"]
[EventRounds "10"]
[EventCountry "ESP"]
[Source "lmi"]
[SourceDate "2009.08.21"]

1. e4 e5 2. Nf3 Nc6 3. Bb5 a6 4. Bxc6 dxc6 5. O-O f6 6. d4 exd4 7. Nxd4 c5 8.
Ne2 Qxd1 9. Rxd1 Bd7 10. Bf4 O-O-O 11. Nbc3 Ne7 12. Nd5 Nxd5 13. Rxd5 Be7 14.
Rad1 Be6 15. Rxd8+ Rxd8 16. Rxd8+ Kxd8 17. Nc3 Kd7 18. Be3 b5 19. b3 b4 20. Ne2
c4 21. Nd4 Bf7 22. Kf1 c5 23. Ne2 Kc6 24. Ke1 a5 25. Nc1 Kb5 26. Kd2 a4 27. Bf4
cxb3 28. cxb3 c4 29. Kc2 Bc5 30. f3 h5 31. g3 Bd4 32. h3 Be5 33. Bxe5 fxe5 34.
bxa4+ Kxa4 35. h4 Ka3 36. Kb1 c3 37. f4 Bxa2+ 0-1

[Event "21. Open Internacional de Sants"]
[Site "Barcelona ESP"]
[Date "2009.08.22"]
[Round "2.21"]
[White "Colon Garcia, Enrique"]
[Black "Larino Nieto, David"]
[Result "0-1"]
[WhiteElo "2173"]
[BlackElo "2455"]
[PlyCount "92"]
[EventDate "2009.08.21"]
[EventType "swiss"]
[EventRounds "10"]
[EventCountry "ESP"]
[Source "lmi"]
[SourceDate "2009.08.21"]

1. e4 d5 2. exd5 Qxd5 3. Nc3 Qa5 4. d4 Nf6 5. Bc4 Nc6 6. h3 Bf5 7. Nf3 Ne4 8.
Bd2 Nxd2 9. Qxd2 e6 10. O-O O-O-O 11. a3 Ne5 12. Nxe5 Qxe5 13. Rad1 Qf6 14. Ne2
g5 15. Bd3 h5 16. Bxf5 Qxf5 17. c4 h4 18. Qd3 Qf6 19. Qe4 Qh6 20. d5 Bg7 21.
dxe6 Qxe6 22. Qxe6+ fxe6 23. b4 Bb2 24. a4 c5 25. bxc5 Rxd1 26. Rxd1 Rd8 27.
Rxd8+ Kxd8 28. f4 gxf4 29. Nxf4 Bd4+ 30. Kf1 Kd7 31. Ke2 a5 32. Kd3 Bxc5 33.
Ke4 b6 34. Ng6 Bf2 35. Kf3 Be1 36. Kg4 Kd6 37. Nxh4 Kc5 38. Nf3 Bc3 39. Kf4 Kb4
40. g4 Kxa4 41. g5 Kb3 42. g6 a4 43. Ne5 Bd2+ 44. Ke4 Bh6 45. Nd3 a3 46. Nc1+
Kxc4 0-1

[Event "21. Open Internacional de Sants"]
[Site "Barcelona ESP"]
[Date "2009.08.22"]
[Round "2.39"]
[White "Lorscheid, Gerhard"]
[Black "Tallo Dominguez, Imar"]
[Result "1/2-1/2"]
[WhiteElo "2345"]
[BlackElo "2124"]
[PlyCount "71"]
[EventDate "2009.08.21"]
[EventType "swiss"]
[EventRounds "10"]
[EventCountry "ESP"]
[Source "lmi"]
[SourceDate "2009.08.21"]

1. d4 Nf6 2. c4 e6 3. Nc3 Bb4 4. Qc2 d5 5. a3 Bxc3+ 6. Qxc3 dxc4 7. Qxc4 b6 8.
Nf3 O-O 9. g3 Ba6 10. Qc2 Nbd7 11. Bg2 Bb7 12. Bg5 h6 13. Bxf6 Nxf6 14. O-O Rc8
15. Rfd1 Qe7 16. Qa4 Be4 17. Rac1 c5 18. Qa6 Rc7 19. dxc5 Rxc5 20. b4 Rc7 21.
Nd4 Rd8 22. Nb5 Rxc1 23. Rxc1 Rd7 24. Qc8+ Kh7 25. Rc7 Rxc7 26. Qxc7 Qxc7 27.
Nxc7 Bxg2 28. Kxg2 Nd5 29. Nxd5 exd5 30. Kf3 Kg6 31. Ke3 Kf6 32. Kd4 Ke6 33. g4
g6 34. f4 f5 35. gxf5+ gxf5 36. e3 1/2-1/2